书目信息 |
| 题名: |
新大学日语阅读与写作3.4教学参考书
|
|
| 作者: | 陈俊总主编 , 陈百海 主编 | |
| 分册: | ||
| 出版信息: | 北京 高等教育出版社 2003.08 |
|
| 页数: | 256页 | |
| 开本: | 29cm | |
| 丛书名: | ||
| 单 册: | ||
| 中图分类: | H36 | |
| 科图分类: | ||
| 主题词: | 日语 | |
| 电子资源: | ||
| ISBN: | 7-04-012142-5 | |
| 000 | 00735nam0 2200217 450 | |
| 001 | 0538224238 | |
| 005 | 20050331103848.27 | |
| 010 | @a7-04-012142-5@dCNY 29.00 | |
| 100 | @a20050331d2003 km y0chiy0120 ea | |
| 101 | 0 | @achi |
| 102 | @aCN@b110000 | |
| 200 | 1 | @a新大学日语阅读与写作3.4教学参考书@Axin da xue ri yu yue du yu xie zuo 3.4 jiao xue can kao shu@f陈俊总主编,陈百海主编@Fchen jun zong zhu bian,chen bai hai zhu bian |
| 210 | @a北京@c高等教育出版社@d2003.08 | |
| 215 | @a256页@d29cm | |
| 300 | @a普通高等教育"十五"国家级规划教材 | |
| 606 | 0 | @a日语 |
| 690 | @aH36@v3 | |
| 701 | 0 | @a陈俊总主编@Achen jun zong zhu bian@4主编 |
| 701 | 0 | @a陈百海@Achen bai hai@4主编 |
| 801 | 0 | @aCN@bPFT@c20050331 |
| 905 | @a10447@dH36@eC4701 | |
| 新大学日语阅读与写作3.4教学参考书/陈俊总主编,陈百海主编.-北京:高等教育出版社,2003.08 |
| 256页;29cm |
| 普通高等教育"十五"国家级规划教材 |
| ISBN 7-04-012142-5:CNY 29.00 |
| ● |
| 相关链接 |
|
|
|
正题名:新大学日语阅读与写作3.4教学参考书
索取号:H36/C4701
 
预约/预借
| 序号 | 登录号 | 条形码 | 馆藏地/架位号 | 状态 | 备注 |
| 1 | 440498 | 204404983 | 语言库209/209语言库 123排1列4层/ [索取号:H36/C4701] | 在馆 | |
| 2 | 440499 | 204404992 | 语言库209/209语言库 123排1列4层/ [索取号:H36/C4701] | 在馆 | |
| 3 | 440500 | 204405009 | 语言库209/209语言库 123排1列4层/ [索取号:H36/C4701] | 在馆 |